000 00405nam a2200181Ia 4500
005 20250423101131.0
008 250422s9999 xx 000 0 und d
020 _a0-385-49174-3
050 _aHD69.T54K63
100 _aRichard Koch
245 4 _aThe 80/20 Principle
260 _aNew York
260 _bDoubleday
260 _c1998
300 _a277 p
650 _aTime Management
942 _cBK
999 _c35391
_d35391